| 000 | 00601nam a2200205 u 4500 | ||
|---|---|---|---|
| 005 | 20240215063652.0 | ||
| 008 | 100615s2007 r 000 0 eng d | ||
| 020 | _a9788441322066 | ||
| 035 | _aUPN01000176543 | ||
| 049 | _aCG | ||
| 050 | 4 |
_aB1488 E8 _bH8.3 |
|
| 100 | 1 |
_aHume, David, _d1711-1776 |
|
| 245 | 1 | 0 |
_aDe la moral : _b(Tratado de la naturaleza humana) / _cDavid Hume ; tr. Félix Duque. |
| 260 |
_aBarcelona, Esp. : _bFolio, _cc2007. |
||
| 300 | _a56 p. | ||
| 440 | 0 | _aGrandes ideas | |
| 650 | 4 |
_aTeoría del conocimiento _91707 |
|
| 650 | 4 |
_aFILOSOFIA INGLESA _917736 |
|
| 905 | _aLibro | ||
| 999 |
_c148646 _d148646 |
||